• 首页
  • 本馆介绍
  • 公告通知
  • 最新文献
  • 馆藏检索
  • 电子资源
  • 读者导购
  • 参考咨询
  • 我的图书馆
  • 登录
  • 详细信息显示
  • 放入我的书架
  • 预约/预借图书
  • 作者相关作品
  • 分类相关作品
  • 丛书相关作品
  • 出版社相关作品

书目信息

  • 表格格式
  • 工作单格式
  • 卡片格式
题名:
微积分习题课教程
    
 
作者: 张朝凤 , 赵建华 主编
分册:  
出版信息: 北京   高等教育出版社  2006
页数: 549页
开本: 23cm
丛书名:
单 册:
中图分类: O172-44
科图分类:
主题词: 微积分--解题--高等学校 , 微积分
电子资源:
ISBN: 978-7-04-019368-8
000 00986nam0 2200253 45
005 20100303153310.81
010    @a978-7-04-019368-8@dCNY36.10
100    @a20100120e20082006em y0chiy0110 ea
101 0  @achi
102    @aCN@b110000
105    @ay zq 000yy
106    @ar
200 1  @a微积分习题课教程@AWei Ji Fen Xi Ti Ke Jiao Cheng@f张朝凤,赵建华主编@FZhang Chao Feng, Zhao Jian Hua Zhu Bian
210    @a北京@c高等教育出版社@d2006@h2008
215    @a549页@d23cm
300    @a《大学数学》系列教材 普通高等教育“十五”国家级规划教材配套参考书
330    @a本书分为上下两篇,上篇的主要内容为:极限与连续函数、导数与微分、微分中值定理与导数的应用等;下篇的主要内容为:多元函数微分学、重积分、曲线积分、曲面积分、无穷级数、微分方程。
606 0  @a微积分@x解题@x高等学校
606 0  @a微积分
690    @aO172-44@v4
701  0 @a张朝凤@AZhang Chao Feng@4主编
701  0 @a赵建华@AZhao Jian Hua@4主编
801  0 @aCN@bTANGWEI@c20100303
905    @b0584424-27@dO172-44@e110@f4
    
    微积分习题课教程/张朝凤,赵建华主编.-北京:高等教育出版社,2006(2008)
    549页;23cm
    《大学数学》系列教材 普通高等教育“十五”国家级规划教材配套参考书
    
    ISBN 978-7-04-019368-8:CNY36.10
    本书分为上下两篇,上篇的主要内容为:极限与连续函数、导数与微分、微分中值定理与导数的应用等;下篇的主要内容为:多元函数微分学、重积分、曲线积分、曲面积分、无穷级数、微分方程。
●
相关链接 在E读中查询图书 在五车中查询图书 在当当中查询图书 在豆瓣中查询图书


正题名:微积分习题课教程     索取号:O172-44/110         预约/预借

序号 登录号 条形码 馆藏地/架位号 状态 备注
1 0584424   205844247   第二样本阅览室/ [索取号:O172-44/110] 在馆    
2 0584425   205844256   第三借阅区/ [索取号:O172-44/110] 在馆    
3 0584426   205844265   第三借阅区/ [索取号:O172-44/110] 在馆    
4 0584427   205844274   第三借阅区/ [索取号:O172-44/110] 已借出,限还日期为2018.02.15
借出人:王珊珊  
 
唐山师范学院图书馆 欢迎您!
大连网信软件有限公司© 版权所有